All Mafia Games - Statistics

General Stats
  • This quiz has been taken 35 times
  • The average score is 7 of 14
Answer Stats
Year Game Developers % Correct
2002 Mafia: The City of Lost Heaven Illusion Softworks
100%
2010 Mafia II 2K Czech
97%
2016 Mafia III Hangar 13
97%
2025 (hasn't been released yet) Mafia: The Old Country Hangar 13
82%
2020 Mafia: Definitive Edition Hangar 13
76%
2020 Mafia II: Definitive Edition d3t
62%
2010 (DLC) Mafia II: Joe's Adventures 2K Czech
47%
2010 (DLC) Mafia II: Jimmy's Vendetta 2K Czech
44%
2017 (DLC) Mafia III: Faster, Baby! Hangar 13
32%
2017 (DLC) Mafia III: Stones Unturned Hangar 13
29%
2010 (DLC) Mafia II: The Betrayal of Jimmy 2K Czech
24%
2017 (DLC) Mafia III: Sign of the Times Hangar 13
15%
2010 Mafia II Mobile Twistbox Games
15%
2016 Mafia III: Rivals Cat Daddy Games
9%
No matching quizzes found
Score Distribution
Percent of People with Each Score
Percentile by Number Answered
Your Score History
You have not taken this quiz